| 000 | 01196nam0a22002531 4500 | ||
|---|---|---|---|
| 001 | rc\335688 | ||
| 005 | 20260406222206.0 | ||
| 035 | _a(NLR Aleph) 005570696 | ||
| 090 |
_a6008715 _c6008716 |
||
| 100 | _a20030307d1989 |||y0rusy50 ca | ||
| 101 | 0 | _arus | |
| 102 | _aRU | ||
| 105 | _ay ||||||||| | ||
| 200 | 1 |
_aИспользование ЭВМ - гарантия высокого качества подготовки специалистов _eТез. докл. обл. науч.-практ. конф. (февр. 1989) _f[Редкол.: В.С. Сафронов (отв. ред.) и др.] |
|
| 210 |
_aКуйбышев _cБ. и. _d1989 |
||
| 215 |
_a50 с. _d20 |
||
| 300 | _aВ надзаг.: Куйбышев. обл. отд-ние Пед. о-ва, Куйбышев. политехн. ин-т им. В.В. Куйбышева | ||
| 702 | 1 |
_aСафронов _bВ.С. _gВалентин Семенович _4340 |
|
| 712 | 0 | 2 |
_aПедагогическое общество РСФСР _bКуйбышевское областное отделение _3RU\NLR\AUTH\889977151 _9451019 |
| 801 | 0 |
_aRU _bNLR _gpsbo |
|
| 801 | 1 |
_aRU _bELAR _2rusmarc |
|
| 852 |
_aNLR _j89-4/15892 |
||
| 942 | _cBOOK | ||
| 980 | _aNB | ||